[Event "BL 1415 SV Mülheim Nord - Hansa Dortmu"]
[Site "?"]
[Date "2015.01.31"]
[Round "8.7"]
[White "Kotter, Ralf"]
[Black "Feygin, Michael"]
[Result "1-0"]
[WhiteElo "2331"]
[BlackElo "2488"]
[PlyCount "81"]
[EventDate "2015.??.??"]

1. e4 e6 2. d4 d5 3. e5 c5 4. c3 Bd7 5. Nf3 Nc6 6. a3 c4 7. g3 Nge7 8. h4 Na5
9. Nbd2 Nc8 10. h5 h6 11. Nh4 Nb6 12. f4 Qc7 13. Bh3 Be7 14. Ng2 O-O-O 15. Ne3
Kb8 16. O-O Rdg8 17. Qf3 a6 18. Rb1 Ka7 19. Rf2 Qc6 20. Ng2 Qb5 21. f5 Rf8 22.
fxe6 fxe6 23. Nf4 Rf7 24. Qe2 Rhf8 25. Nf3 Qc6 26. Be3 Bg5 27. Rbf1 Bxf4 28.
Bxf4 Nc8 29. Nh4 Ne7 30. Qg4 Qc8 31. Ng6 Re8 32. Nxe7 Rexe7 33. Bg5 Rxf2 34.
Bxe7 Rxf1+ 35. Kxf1 Qe8 36. Qxg7 Qxh5 37. Bc5+ Kb8 38. Qf8+ Kc7 39. Qd6+ Kc8
40. Qf8+ Kc7 41. Bb6+ 1-0

[Event "BL 1415 SV Mülheim Nord - Hansa Dortmu"]
[Site "?"]
[Date "2015.01.31"]
[Round "8.8"]
[White "Saltaev, Mihail"]
[Black "Karger, Frank"]
[Result "0-1"]
[WhiteElo "2489"]
[BlackElo "2256"]
[PlyCount "88"]
[EventDate "2015.??.??"]

1. e4 c5 2. Nf3 e6 3. d4 cxd4 4. Nxd4 a6 5. Nc3 Qc7 6. g3 Bb4 7. Bd2 Nf6 8. Bg2
Nc6 9. Nb3 Be7 10. f4 d6 11. O-O b5 12. Qe2 Bb7 13. a3 O-O 14. g4 d5 15. e5 Nd7
16. Be3 Nb6 17. Bxb6 Qxb6+ 18. Kh1 Na5 19. Nxa5 Qxa5 20. f5 Bg5 21. Qf2 Qd8 22.
Ne2 Qc7 23. h4 Be7 24. f6 gxf6 25. exf6 Bd6 26. Nd4 Kh8 27. c3 Rg8 28. Qf3 Rab8
29. Rad1 Rbe8 30. g5 Bc5 31. Qh5 Ba7 32. Rd3 Bb8 33. Rh3 Bc8 34. Qg4 e5 35. Nf5
e4 36. h5 Qe5 37. Nh6 Ref8 38. Nf5 Qxf6 39. g6 fxg6 40. hxg6 Rxg6 41. Qh5 Rf7
42. Ne3 Qg7 43. Rxf7 Qxf7 44. Rh4 Bg3 0-1

[Event "BL 1415 Bayern München - SV Hockenheim"]
[Site "?"]
[Date "2015.02.01"]
[Round "9.1"]
[White "Moiseenko, Alexander"]
[Black "Bischoff, Klaus"]
[Result "1-0"]
[WhiteElo "2694"]
[BlackElo "2496"]
[PlyCount "99"]
[EventDate "2015.??.??"]

1. d4 Nf6 2. c4 e6 3. Nc3 Bb4 4. Nf3 b6 5. Bg5 h6 6. Bh4 Bb7 7. Nd2 Be7 8. e4
d6 9. Bg3 Nfd7 10. Be2 Bf6 11. Nb3 a5 12. d5 Bxc3+ 13. bxc3 e5 14. f4 Qe7 15.
O-O O-O 16. Kh1 a4 17. Nd2 Nc5 18. fxe5 dxe5 19. Qe1 Nbd7 20. Bh4 f6 21. Bf2
Qe8 22. Be3 Qg6 23. Qh4 Qh7 24. Bg4 g5 25. Qh5 Qg7 26. Bf5 Nd3 27. Bxd7 Qxd7
28. Qxh6 Qg7 29. Qxg7+ Kxg7 30. Rf3 Nc5 31. Rb1 Ba6 32. Kg1 Nb7 33. Rb4 a3 34.
Rf1 Kg6 35. Rfb1 Nd6 36. g4 Rh8 37. Kg2 Rh7 38. h3 Rah8 39. Rh1 Bc8 40. Rbb1
Ba6 41. c5 bxc5 42. Bxc5 Bd3 43. Rb4 Be2 44. Bxd6 cxd6 45. Rbb1 Rc8 46. Rhe1
Bd3 47. Rb3 Bc2 48. Rxa3 Rb7 49. Kf2 Rb2 50. Ke3 1-0

[Event "BL 1415 Bayern München - SV Hockenheim"]
[Site "?"]
[Date "2015.02.01"]
[Round "9.2"]
[White "Belezky, Alexander"]
[Black "Saric, Ivan"]
[Result "1/2-1/2"]
[WhiteElo "2446"]
[BlackElo "2679"]
[PlyCount "84"]
[EventDate "2015.??.??"]

1. Nf3 d5 2. g3 g6 3. c4 d4 4. d3 Nc6 5. Bg2 Bg7 6. Na3 e5 7. Nc2 a5 8. Rb1
Nge7 9. b3 O-O 10. O-O h6 11. a3 Be6 12. b4 axb4 13. axb4 b5 14. cxb5 Na7 15.
Na3 Rb8 16. Qa4 Nxb5 17. Nxb5 Qd7 18. Nd2 Qxb5 19. Qxb5 Rxb5 20. Ne4 Rfb8 21.
Bd2 Bd5 22. Rbc1 R5b7 23. Rc5 Ra7 24. Nf6+ Bxf6 25. Bxd5 Nxd5 26. Rxd5 Ra2 27.
Rd1 Rc2 28. Ra5 Kg7 29. Kf1 Re8 30. f3 Bg5 31. Bxg5 hxg5 32. Rda1 Rb2 33. Rc1
Rh8 34. Rxe5 Rxh2 35. Re1 Rxb4 36. Kg1 Rh7 37. Rc1 Rb8 38. g4 Rbh8 39. Rxc7
Rh1+ 40. Kg2 R1h2+ 41. Kg1 Rh1+ 42. Kg2 R1h2+ 1/2-1/2

[Event "BL 1415 Bayern München - SV Hockenheim"]
[Site "?"]
[Date "2015.02.01"]
[Round "9.3"]
[White "Baramidze, David"]
[Black "Fedorovsky, Michael"]
[Result "1-0"]
[WhiteElo "2601"]
[BlackElo "2443"]
[PlyCount "103"]
[EventDate "2015.??.??"]

1. Nf3 Nf6 2. c4 e6 3. g3 d5 4. Bg2 Be7 5. O-O O-O 6. b3 b6 7. Bb2 Bb7 8. e3 c5
9. Qe2 Nbd7 10. d3 Qc7 11. Nc3 Rad8 12. Rad1 Qb8 13. Ne1 a6 14. f4 dxc4 15.
dxc4 Ne8 16. g4 Nc7 17. a4 Qa8 18. Ba1 Nb8 19. Qb2 Rxd1 20. Nxd1 Bf6 21. Nc3
Bxg2 22. Nxg2 Rd8 23. a5 Ne8 24. axb6 Qc6 25. f5 Qxb6 26. Nf4 Qd6 27. fxe6 fxe6
28. Qf2 Qe7 29. Qf3 Bxc3 30. Bxc3 Nf6 31. g5 Nfd7 32. Qg4 Nc6 33. g6 Nf8 34.
Nxe6 Nxe6 35. Rf7 Qg5 36. Rxg7+ Kf8 37. Qxg5 Nxg5 38. Rxh7 Nxh7 39. gxh7 Kf7
40. h8=Q Rxh8 41. Bxh8 Na5 42. Kf2 Nxb3 43. Bc3 a5 44. Ke2 a4 45. Kd1 Ke6 46.
Kc2 Kf5 47. Kb2 Ke4 48. h4 Kf5 49. Ka3 Kg4 50. Kxa4 Nc1 51. Bf6 Nd3 52. Kb5 1-0

[Event "BL 1415 Bayern München - SV Hockenheim"]
[Site "?"]
[Date "2015.02.01"]
[Round "9.4"]
[White "Richter, Wolfgang"]
[Black "Buhmann, Rainer"]
[Result "0-1"]
[WhiteElo "2401"]
[BlackElo "2595"]
[PlyCount "80"]
[EventDate "2015.??.??"]

1. d4 d5 2. Bf4 Nf6 3. e3 c5 4. c3 Nc6 5. Nd2 cxd4 6. exd4 g6 7. Ngf3 Bg7 8.
Bd3 Nh5 9. Be3 O-O 10. O-O f5 11. Nb3 f4 12. Bc1 Bg4 13. Be2 Qd6 14. Re1 Rae8
15. h3 Bxf3 16. Bxf3 Nf6 17. Bd2 g5 18. h4 gxh4 19. Qe2 e6 20. c4 Kh8 21. cxd5
exd5 22. Qd3 Ne4 23. Re2 h3 24. Rae1 Qg6 25. Bc3 hxg2 26. Rxe4 dxe4 27. Rxe4
Rxe4 28. Bxe4 Qh5 29. Kxg2 Qg4+ 30. Kf1 f3 31. Ke1 Qg1+ 32. Qf1 Qxf1+ 33. Kxf1
Rf4 34. Bd5 Nxd4 35. Bxb7 Nxb3 36. axb3 h5 37. Kg1 h4 38. Kh2 Bxc3 39. bxc3 Kg7
40. c4 Kf6 0-1

[Event "BL 1415 Bayern München - SV Hockenheim"]
[Site "?"]
[Date "2015.02.01"]
[Round "9.5"]
[White "Banusz, Tamas"]
[Black "Meister, Peter"]
[Result "1/2-1/2"]
[WhiteElo "2591"]
[BlackElo "2408"]
[PlyCount "97"]
[EventDate "2015.??.??"]

1. c4 c5 2. Nf3 g6 3. g3 b6 4. Bg2 Bb7 5. O-O Bg7 6. Nc3 d6 7. e4 Nc6 8. d3 Nf6
9. h3 O-O 10. Be3 Rc8 11. Qd2 e6 12. b3 d5 13. exd5 exd5 14. Bh6 dxc4 15. Bxg7
Kxg7 16. dxc4 Qxd2 17. Nxd2 Rcd8 18. Rad1 Rd7 19. Nde4 Rfd8 20. Rxd7 Rxd7 21.
Nxf6 Kxf6 22. Re1 Nd4 23. Bxb7 Rxb7 24. Kg2 h5 25. Re8 Rd7 26. g4 hxg4 27. hxg4
Ne6 28. Nd5+ Ke5 29. f4+ Kd4 30. Kf3 Kd3 31. f5 gxf5 32. gxf5 Nd4+ 33. Kf4 Kc2
34. f6 Nc6 35. Re2+ Kb1 36. Kg5 Rd6 37. a3 Nd8 38. Kf5 Kc1 39. b4 cxb4 40. axb4
b5 41. Ne3 Re6 42. cxb5 Nb7 43. Kf4 Nd6 44. Rc2+ Kb1 45. Rc6 Rxf6+ 46. Ke5 Re6+
47. Kd5 Nxb5 48. Rxe6 fxe6+ 49. Kxe6 1/2-1/2

[Event "BL 1415 Bayern München - SV Hockenheim"]
[Site "?"]
[Date "2015.02.01"]
[Round "9.6"]
[White "Reich, Thomas"]
[Black "Ribli, Zoltan"]
[Result "0-1"]
[WhiteElo "2419"]
[BlackElo "2553"]
[PlyCount "126"]
[EventDate "2015.??.??"]

1. d4 Nf6 2. Bf4 d5 3. e3 c5 4. c3 Nc6 5. Nd2 cxd4 6. exd4 Bf5 7. Qb3 Qc8 8.
Ngf3 e6 9. Be2 Be7 10. O-O O-O 11. Rfe1 a6 12. Qd1 h6 13. Nf1 b5 14. a3 Re8 15.
Ng3 Bh7 16. Bd3 Bxd3 17. Qxd3 Qb7 18. Ne5 a5 19. b4 Bf8 20. Qe2 axb4 21. axb4
Nxe5 22. dxe5 Nd7 23. Bd2 Ra6 24. Rxa6 Qxa6 25. f4 Qc6 26. Ra1 Nb6 27. Ra6 Ra8
28. Rxa8 Qxa8 29. Be3 Nc4 30. Bd4 Be7 31. h3 Qa1+ 32. Qf1 Qb2 33. Qe2 Qc1+ 34.
Qf1 Qd2 35. Qf2 Qxf2+ 36. Bxf2 g5 37. fxg5 Nxe5 38. gxh6 Bg5 39. Ne2 Nc6 40. g4
f6 41. Kf1 Bxh6 42. Ke1 Kf7 43. Kd1 Kg6 44. Kc2 f5 45. Bc5 e5 46. gxf5+ Kxf5
47. Ng3+ Kg6 48. Ne2 Bg5 49. Ng3 Bh4 50. Nf1 Kf5 51. Kd2 Bg5+ 52. Ke2 Bf4 53.
Kf3 d4 54. cxd4 exd4 55. h4 Ne5+ 56. Ke2 d3+ 57. Kd1 Nc4 58. Bd4 Kg4 59. Bf6
Bd6 60. Bd4 Bxb4 61. Ne3+ Nxe3+ 62. Bxe3 Bc3 63. Bg5 b4 0-1

[Event "BL 1415 Bayern München - SV Hockenheim"]
[Site "?"]
[Date "2015.02.01"]
[Round "9.8"]
[White "Zwanzger, Johannes"]
[Black "Boguslavskyy, Oleg"]
[Result "0-1"]
[WhiteElo "2298"]
[BlackElo "2441"]
[PlyCount "86"]
[EventDate "2015.??.??"]

1. e4 c5 2. Nf3 Nc6 3. d4 cxd4 4. Nxd4 e5 5. Nb5 d6 6. N1c3 a6 7. Na3 b5 8. Nd5
Nce7 9. Nxe7 Bxe7 10. c4 Nf6 11. Bd3 O-O 12. O-O Bb7 13. cxb5 axb5 14. Nxb5
Nxe4 15. Bxe4 Bxe4 16. Nc3 Bb7 17. Nd5 Bxd5 18. Qxd5 Ra5 19. Qe4 Qa8 20. Qxa8
Rfxa8 21. a3 d5 22. Bd2 R5a7 23. Rfc1 d4 24. g3 f5 25. Rc4 Kf7 26. Rac1 Bf6 27.
Rc7+ Rxc7 28. Rxc7+ Ke6 29. Kf1 e4 30. Ke1 h5 31. h4 Be5 32. Rc1 e3 33. Bb4 Rd8
34. Ke2 exf2 35. Kxf2 d3 36. Bc3 Bxc3 37. bxc3 Kd5 38. Ke3 Kc4 39. Kd2 Rb8 40.
Rf1 Rb2+ 41. Ke3 Re2+ 42. Kf3 Re4 43. Rb1 d2 0-1

[Event "BL 1415 Schwäbisch Hall - SG Turm Trie"]
[Site "?"]
[Date "2015.02.01"]
[Round "9.2"]
[White "Laznicka, Viktor"]
[Black "Lupulescu, Constantin"]
[Result "0-1"]
[WhiteElo "2673"]
[BlackElo "2640"]
[PlyCount "136"]
[EventDate "2015.??.??"]

1. d4 d5 2. c4 dxc4 3. Nf3 a6 4. a4 Nc6 5. e3 Na5 6. Nbd2 Be6 7. Ng5 Bd5 8. e4
e5 9. Ngf3 exd4 10. exd5 d3 11. Nxc4 Nxc4 12. Bxd3 Bb4+ 13. Kf1 Nb6 14. Be4 Qe7
15. Bf5 Nf6 16. h4 Rd8 17. Qc2 O-O 18. h5 Rfe8 19. g4 Ne4 20. Kg2 Nxd5 21. g5
g6 22. hxg6 fxg6 23. Bg4 Qf7 24. Rh4 Bd6 25. Bh3 Bf4 26. Ra3 c6 27. Be3 Bxe3
28. Rxe4 Rxe4 29. Qxe4 Re8 30. Qc2 Nf4+ 31. Kg3 Ne2+ 32. Kg2 Nf4+ 33. Kg3 Ne2+
34. Kg2 Qxf3+ 35. Kxf3 Nd4+ 36. Kg3 Nxc2 37. Rc3 Bxf2+ 38. Kxf2 Nd4 39. Rc4
Re2+ 40. Kg3 Rd2 41. a5 Rd3+ 42. Kg2 Nf5 43. Bxf5 gxf5 44. Rb4 Rd7 45. Kf3 Kf7
46. Kf4 Kg6 47. Rb3 Rd4+ 48. Kf3 Rd5 49. Rxb7 Rxa5 50. Rb6 Rc5 51. Rxa6 Kxg5
52. Rb6 h5 53. Rb8 Rb5 54. Rg8+ Kf6 55. Rc8 c5 56. Kf4 Rb4+ 57. Kf3 c4 58. Rf8+
Ke6 59. Re8+ Kf7 60. Rc8 h4 61. Rc6 Ke7 62. Rh6 h3 63. Rc6 h2 64. Kg2 Kd7 65.
Rc5 Kd6 66. Rc8 Rxb2+ 67. Kh1 Rb1+ 68. Kxh2 Kd5 0-1

[Event "BL 1415 Schwäbisch Hall - SG Turm Trie"]
[Site "?"]
[Date "2015.02.01"]
[Round "9.3"]
[White "Graf, Felix"]
[Black "Gharamian, Tigran"]
[Result "1/2-1/2"]
[WhiteElo "2472"]
[BlackElo "2658"]
[PlyCount "69"]
[EventDate "2015.??.??"]

1. d4 Nf6 2. Nf3 g6 3. c4 Bg7 4. Nc3 d5 5. cxd5 Nxd5 6. e4 Nxc3 7. bxc3 c5 8.
Be3 O-O 9. Be2 b6 10. h4 Bb7 11. e5 Nc6 12. Qd2 cxd4 13. cxd4 Qd5 14. h5 Rac8
15. Rd1 Rfd8 16. Rh4 Qa5 17. Qxa5 Nxa5 18. e6 Bd5 19. exf7+ Bxf7 20. Ne5 Bxe5
21. dxe5 Rxd1+ 22. Kxd1 Bxa2 23. hxg6 hxg6 24. Bd3 Bb3+ 25. Ke1 Bc2 26. Ba6 Rd8
27. Bg5 Rd1+ 28. Ke2 Rd5 29. f4 Nb3 30. Kf2 e6 31. Bf6 Nc5 32. Rh8+ Kf7 33.
Rh7+ Kg8 34. Rh8+ Kf7 35. Rh7+ 1/2-1/2

[Event "BL 1415 Schwäbisch Hall - SG Turm Trie"]
[Site "?"]
[Date "2015.02.01"]
[Round "9.4"]
[White "Cornette, Matthieu"]
[Black "Bobras, Piotr"]
[Result "1/2-1/2"]
[WhiteElo "2571"]
[BlackElo "2530"]
[PlyCount "83"]
[EventDate "2015.??.??"]

1. e4 e5 2. Nf3 Nc6 3. Bb5 a6 4. Ba4 Nf6 5. O-O Be7 6. d3 b5 7. Bb3 d6 8. a3
O-O 9. Nc3 Bg4 10. Be3 Qd7 11. h3 Bh5 12. Nd5 Nd8 13. Nxe5 dxe5 14. Nxf6+ Bxf6
15. Qxh5 Ne6 16. a4 Qd6 17. Ra2 b4 18. Bc4 a5 19. c3 Rab8 20. cxb4 Rxb4 21. b3
g6 22. Qd1 Bg5 23. Rc2 Kg7 24. Bxe6 Bxe3 25. Bxf7 Rxf7 26. fxe3 Rxf1+ 27. Kxf1
Rxe4 28. Rxc7+ Qxc7 29. dxe4 Qc3 30. Ke2 h5 31. Qd2 Qc5 32. Qd5 Qc2+ 33. Kf3
Qc3 34. Qd7+ Kf6 35. Qd8+ Kf7 36. Qd1 Kf6 37. Kf2 Ke7 38. Qd5 Qc2+ 39. Kf3 Qc7
40. Qc4 Qxc4 41. bxc4 g5 42. g4 1/2-1/2

[Event "BL 1415 Schwäbisch Hall - SG Turm Trie"]
[Site "?"]
[Date "2015.02.01"]
[Round "9.5"]
[White "Cyborowski, Lukasz"]
[Black "Wirig, Anthony"]
[Result "1/2-1/2"]
[WhiteElo "2518"]
[BlackElo "2483"]
[PlyCount "49"]
[EventDate "2015.??.??"]

1. Nf3 Nf6 2. c4 b6 3. g3 Bb7 4. Bg2 c5 5. O-O g6 6. b3 Bg7 7. Bb2 O-O 8. Nc3
d5 9. Nxd5 Nxd5 10. Bxg7 Kxg7 11. cxd5 Qxd5 12. d4 Na6 13. Nh4 Qd7 14. dxc5
Qxd1 15. Rfxd1 Bxg2 16. Nxg2 Nxc5 17. f3 Rfd8 18. Ne3 f6 19. Rac1 Kf7 20. Kf2
Rxd1 21. Nxd1 Rd8 22. Ke3 Ne6 23. Nf2 Rd7 24. Nd3 Rc7 25. Rxc7 1/2-1/2

[Event "BL 1415 Schwäbisch Hall - SG Turm Trie"]
[Site "?"]
[Date "2015.02.01"]
[Round "9.6"]
[White "Zeller, Frank"]
[Black "Parligras, Mircea-Emilian"]
[Result "0-1"]
[WhiteElo "2430"]
[BlackElo "2580"]
[PlyCount "46"]
[EventDate "2015.??.??"]

1. e4 e5 2. Nf3 Nc6 3. Bc4 Bc5 4. b4 Bxb4 5. c3 Ba5 6. d4 d6 7. Qb3 Qd7 8. Nbd2
Bb6 9. a4 Nf6 10. dxe5 Ng4 11. exd6 Bxf2+ 12. Ke2 Bc5 13. dxc7 O-O 14. Ba3 Bxa3
15. Qxa3 Qxc7 16. Qc5 Be6 17. Bxe6 fxe6 18. Rad1 Rad8 19. Qg5 Nce5 20. h3 h6
21. Qh4 Nxf3 22. Qxg4 Rxd2+ 23. Rxd2 Qc4+ 0-1

[Event "BL 1415 Schwäbisch Hall - SG Turm Trie"]
[Site "?"]
[Date "2015.02.01"]
[Round "9.7"]
[White "Jaracz, Pawel"]
[Black "Womacka, Mathias"]
[Result "1/2-1/2"]
[WhiteElo "2503"]
[BlackElo "2439"]
[PlyCount "52"]
[EventDate "2015.??.??"]

1. d4 Nf6 2. c4 e6 3. Nc3 Bb4 4. Qc2 c5 5. dxc5 O-O 6. a3 Bxc5 7. Nf3 b6 8. Bf4
Bb7 9. Rd1 Nc6 10. e3 Rc8 11. Be2 Be7 12. Nb5 d5 13. Qb1 a6 14. cxd5 Nxd5 15.
Nc3 Bf6 16. Ne4 Be7 17. Nfg5 g6 18. h4 h6 19. Nxe6 fxe6 20. Bxh6 Qe8 21. Bxf8
Qxf8 22. h5 Qh6 23. Ng3 g5 24. Nf5 exf5 25. Rxd5 Nb4 26. Rd2 Bxg2 1/2-1/2

[Event "BL 1415 Schwäbisch Hall - SG Turm Trie"]
[Site "?"]
[Date "2015.02.01"]
[Round "9.8"]
[White "Aguettaz, Maxime"]
[Black "Haslinger, Stewart G"]
[Result "1/2-1/2"]
[WhiteElo "2400"]
[BlackElo "2531"]
[PlyCount "40"]
[EventDate "2015.??.??"]

1. Nf3 d5 2. c4 e6 3. b3 Be7 4. Bb2 Bf6 5. d4 c5 6. cxd5 exd5 7. Nc3 cxd4 8.
Nxd4 Ne7 9. e3 Nbc6 10. Nxc6 Nxc6 11. Bd3 Qa5 12. Rc1 Be6 13. O-O O-O 14. Qe2
Rac8 15. Na4 Bxb2 16. Qxb2 Ne7 17. h3 h6 18. Rxc8 Rxc8 19. Rc1 Rc6 20. Rxc6
Nxc6 1/2-1/2

[Event "BL 1415 Schachfr. Berlin - Hamburger SK"]
[Site "?"]
[Date "2015.02.01"]
[Round "9.1"]
[White "Van Kampen, Robin"]
[Black "Melkumyan, Hrant"]
[Result "1/2-1/2"]
[WhiteElo "2606"]
[BlackElo "2678"]
[PlyCount "79"]
[EventDate "2015.??.??"]

1. e4 e5 2. Nf3 Nc6 3. Bb5 a6 4. Ba4 Nf6 5. O-O Be7 6. Re1 b5 7. Bb3 O-O 8. d4
d6 9. c3 Bg4 10. Be3 Nxe4 11. Bd5 Qd7 12. Bxe4 d5 13. Bxh7+ Kxh7 14. dxe5 Qf5
15. Bd4 Bxf3 16. Qxf3 Qxf3 17. gxf3 Rae8 18. Nd2 Bg5 19. Nb3 Bf4 20. Nc5 Nxe5
21. Bxe5 Rxe5 22. Rxe5 Bxe5 23. Nxa6 Bd6 24. Rd1 Ra8 25. Nb4 Bxb4 26. cxb4 Rxa2
27. Rxd5 c6 28. Rd2 Ra4 29. Rc2 Rxb4 30. Rxc6 Rxb2 31. Rb6 b4 32. Kg2 b3 33. f4
g6 34. Kf3 Rb1 35. f5 gxf5 36. Kf4 Rb2 37. f3 Rxh2 38. Rxb3 Kg6 39. Rb6+ f6 40.
Rb8 1/2-1/2

[Event "BL 1415 Schachfr. Berlin - Hamburger SK"]
[Site "?"]
[Date "2015.02.01"]
[Round "9.3"]
[White "Kempinski, Robert"]
[Black "Piorun, Kacper"]
[Result "1/2-1/2"]
[WhiteElo "2626"]
[BlackElo "2517"]
[PlyCount "85"]
[EventDate "2015.??.??"]

1. d4 d5 2. c4 dxc4 3. e3 e5 4. Nf3 exd4 5. Qxd4 Qxd4 6. Nxd4 Nf6 7. Bxc4 a6 8.
Nd2 Nbd7 9. Be2 Bc5 10. N2b3 Ba7 11. O-O O-O 12. Bd2 Ne4 13. Ba5 b6 14. Be1 Bb7
15. f3 Nd6 16. Bg3 Bb8 17. Rfd1 Re8 18. e4 Ne5 19. Nf5 Nxf5 20. Bxe5 c5 21.
Bxb8 Raxb8 22. Kf2 Ne7 23. Rd6 Nc8 24. Rd7 Kf8 25. a4 Ne7 26. a5 Bc8 27. Rd6
bxa5 28. Nxc5 Rxb2 29. Rxa5 Ng6 30. Nd3 Rc2 31. g3 Re6 32. Rd4 Rb6 33. Nb4 Rb2
34. Rd8+ Ke7 35. Rxc8 R2xb4 36. Rc7+ Ke6 37. Ra7 Ne5 38. f4 Nc6 39. Bg4+ f5 40.
Bxf5+ Kf6 41. R5xa6 Nxa7 42. Rxa7 Rb2+ 43. Ke3 1/2-1/2

[Event "BL 1415 Schachfr. Berlin - Hamburger SK"]
[Site "?"]
[Date "2015.02.01"]
[Round "9.4"]
[White "Michalik, Peter"]
[Black "Ghaem Maghami, Ehsan"]
[Result "1/2-1/2"]
[WhiteElo "2571"]
[BlackElo "2559"]
[PlyCount "55"]
[EventDate "2015.??.??"]

1. d4 Nf6 2. c4 e6 3. Nf3 d5 4. Nc3 Be7 5. Bg5 h6 6. Bh4 O-O 7. e3 b6 8. Bd3
Bb7 9. O-O Nbd7 10. Qe2 Ne4 11. Bg3 Nxc3 12. bxc3 dxc4 13. Bxc4 Bd6 14. a4 Bxg3
15. hxg3 c5 16. Ba6 Bxa6 17. Qxa6 Qc8 18. Qb5 Rd8 19. Rfb1 Rb8 20. Qe2 Qc7 21.
a5 bxa5 22. Rb5 cxd4 23. cxd4 Rxb5 24. Qxb5 Rb8 25. Qxa5 Rb1+ 26. Kh2 Qxa5 27.
Rxa5 Rb2 28. Kg1 1/2-1/2

[Event "BL 1415 Schachfr. Berlin - Hamburger SK"]
[Site "?"]
[Date "2015.02.01"]
[Round "9.5"]
[White "Ernst, Sipke"]
[Black "Lauber, Arnd"]
[Result "1-0"]
[WhiteElo "2553"]
[BlackElo "2443"]
[PlyCount "87"]
[EventDate "2015.??.??"]

1. d4 Nf6 2. c4 e6 3. Nf3 d5 4. Nc3 Bb4 5. Qb3 c5 6. dxc5 Na6 7. e3 Qa5 8. Bd2
Nxc5 9. Qc2 Nce4 10. Nxe4 Nxe4 11. cxd5 Nxd2 12. Nxd2 O-O 13. a3 exd5 14. Rc1
Bd6 15. Bd3 d4 16. Bxh7+ Kh8 17. Be4 dxe3 18. fxe3 Bg4 19. O-O Rac8 20. Nc4 Qh5
21. h3 Be6 22. Qd1 Qxd1 23. Rfxd1 Bc5 24. b4 Bxb4 25. axb4 Rxc4 26. Rxc4 Bxc4
27. Bxb7 Be6 28. Ra1 Rb8 29. Rxa7 Kh7 30. Kf2 g6 31. e4 Kg7 32. Ke3 Rd8 33. Bd5
Bxd5 34. exd5 Rxd5 35. Ra2 Kf6 36. Rb2 Ke6 37. b5 Re5+ 38. Kd4 Kd6 39. b6 Rd5+
40. Ke3 Re5+ 41. Kf4 Re8 42. b7 Rb8 43. Kg5 Ke7 44. Rb6 1-0

[Event "BL 1415 Schachfr. Berlin - Hamburger SK"]
[Site "?"]
[Date "2015.02.01"]
[Round "9.6"]
[White "Moreno Tejera, Emilio"]
[Black "Hansen, Sune Berg"]
[Result "1/2-1/2"]
[WhiteElo "2448"]
[BlackElo "2569"]
[PlyCount "65"]
[EventDate "2015.??.??"]

1. e4 e5 2. Nf3 Nc6 3. Nc3 Nf6 4. d4 exd4 5. Nxd4 Bb4 6. Nxc6 bxc6 7. Bd3 d5 8.
exd5 O-O 9. O-O cxd5 10. h3 Rb8 11. Qf3 Re8 12. Bg5 c6 13. Bxf6 Qxf6 14. Qxf6
gxf6 15. Ne2 a5 16. Rad1 a4 17. b3 axb3 18. axb3 Bc5 19. Ng3 Bb4 20. Ne2 c5 21.
Nf4 Re5 22. c4 d4 23. Nd5 Kg7 24. f4 Rh5 25. Rf3 Rh6 26. Ra1 f5 27. Ne7 Kf8 28.
Nxc8 Rxc8 29. Bxf5 Re8 30. Bd7 Rd8 31. Bf5 Re8 32. Bd7 Rd8 33. Bf5 1/2-1/2

[Event "BL 1415 Schachfr. Berlin - Hamburger SK"]
[Site "?"]
[Date "2015.02.01"]
[Round "9.7"]
[White "Lampert, Jonas"]
[Black "Abel, Dennes"]
[Result "1/2-1/2"]
[WhiteElo "2453"]
[BlackElo "2441"]
[PlyCount "69"]
[EventDate "2015.??.??"]

1. e4 c6 2. d4 d5 3. Nc3 dxe4 4. Nxe4 Bf5 5. Ng3 Bg6 6. h4 h6 7. Nf3 Nd7 8. h5
Bh7 9. Bd3 Bxd3 10. Qxd3 e6 11. Bd2 Ngf6 12. O-O-O Be7 13. Kb1 Qb6 14. Rhe1 c5
15. d5 Nxd5 16. c4 N5f6 17. Nf5 exf5 18. Nh4 O-O 19. Nxf5 Bd8 20. Bxh6 Nxh5 21.
Qxd7 Bf6 22. Bc1 Rad8 23. Qa4 g6 24. g4 Nf4 25. Rxd8 Rxd8 26. Re8+ Kh7 27. Rxd8
Qxd8 28. Bxf4 gxf5 29. Qc2 Qd4 30. Be3 Qxg4 31. Bxc5 b6 32. Be3 Kg7 33. a3 f4
34. Bc1 Bd4 35. Qd2 1/2-1/2

[Event "BL 1415 Schachfr. Berlin - Hamburger SK"]
[Site "?"]
[Date "2015.02.01"]
[Round "9.8"]
[White "Thiede, Lars"]
[Black "Carlstedt, Jonathan"]
[Result "0-1"]
[WhiteElo "2449"]
[BlackElo "2437"]
[PlyCount "67"]
[EventDate "2015.??.??"]

1. g3 Nf6 2. Bg2 c6 3. e4 e5 4. d4 d6 5. dxe5 dxe5 6. Qxd8+ Kxd8 7. Bg5 Bd6 8.
Nd2 Nbd7 9. O-O-O Ke7 10. Nc4 Bc7 11. Nf3 b5 12. Ne3 h6 13. Nf5+ Kf8 14. Bxf6
Nxf6 15. Nd6 Bg4 16. Nxe5 Bxd1 17. Rxd1 Bxd6 18. Rxd6 Ke7 19. Rxc6 Rhc8 20. Ra6
Rc7 21. Nc6+ Kf8 22. e5 Nd7 23. f4 Nc5 24. Ra3 Rac8 25. Nb4 a5 26. Rxa5 Nd3+
27. Nxd3 Rxc2+ 28. Kb1 Rxg2 29. a3 Rb8 30. Nc5 Ke8 31. e6 fxe6 32. Nxe6 b4 33.
Nc7+ Kf7 34. Na6 0-1

[Event "BL 1415 USV TU Dresden - SSC Rostock"]
[Site "?"]
[Date "2015.02.01"]
[Round "9.2"]
[White "Gajewski, Grzegorz"]
[Black "Brynell, Stellan"]
[Result "1-0"]
[WhiteElo "2643"]
[BlackElo "2456"]
[PlyCount "65"]
[EventDate "2015.??.??"]

1. Nf3 Nf6 2. c4 e6 3. g3 d5 4. Bg2 Be7 5. O-O O-O 6. d4 c6 7. Nc3 Nbd7 8. b3
b6 9. Nd2 Bb7 10. e4 Nxe4 11. Ndxe4 dxe4 12. Nxe4 Nf6 13. Qe2 Nxe4 14. Qxe4 Bf6
15. Rd1 Qe7 16. a4 Rfd8 17. a5 bxa5 18. Bf4 Rd7 19. c5 Qd8 20. Bd6 Be7 21. Be5
f6 22. Bf4 e5 23. Bh3 Rxd4 24. Rxd4 Qxd4 25. Be6+ Kh8 26. Qxd4 exd4 27. Bd6 Bd8
28. Re1 g5 29. Bc4 Kg7 30. Re8 f5 31. Be5+ Kg6 32. Rg8+ Kh6 33. Bf7 1-0

[Event "BL 1415 USV TU Dresden - SSC Rostock"]
[Site "?"]
[Date "2015.02.01"]
[Round "9.3"]
[White "Szelag, Marcin"]
[Black "Socko, Bartosz"]
[Result "0-1"]
[WhiteElo "2442"]
[BlackElo "2617"]
[PlyCount "48"]
[EventDate "2015.??.??"]

1. e4 c6 2. d4 d5 3. exd5 cxd5 4. c4 Nf6 5. Nc3 e6 6. Nf3 Bb4 7. Bd3 dxc4 8.
Bxc4 O-O 9. O-O b6 10. Bg5 Bb7 11. Qe2 Nbd7 12. Ne5 Bxc3 13. bxc3 Rc8 14. Rac1
Qc7 15. Nxd7 Qxd7 16. Bxf6 gxf6 17. Qg4+ Kh8 18. Qh4 Rg8 19. Qxf6+ Rg7 20. Be2
Qe7 21. Qxe7 Rxg2+ 22. Kh1 Rg1+ 23. Kxg1 Rg8+ 24. Bg4 Rxg4# 0-1

[Event "BL 1415 USV TU Dresden - SSC Rostock"]
[Site "?"]
[Date "2015.02.01"]
[Round "9.4"]
[White "Maiwald, Jens-Uwe"]
[Black "Rudolf, Henrik"]
[Result "1-0"]
[WhiteElo "2460"]
[BlackElo "2351"]
[PlyCount "101"]
[EventDate "2015.??.??"]

1. d4 Nf6 2. Nf3 g6 3. Bg5 Bg7 4. Nbd2 d6 5. c3 O-O 6. e4 c5 7. d5 h6 8. Bh4 a6
9. Qc2 Nbd7 10. a4 b6 11. Be2 Re8 12. O-O Nh5 13. Rfe1 g5 14. Bg3 Nxg3 15. hxg3
Bb7 16. Qb3 Qc7 17. Nc4 e6 18. Ne3 exd5 19. exd5 Rxe3 20. fxe3 Re8 21. Bc4 Bc8
22. Re2 g4 23. Nh4 Be5 24. Rf1 Nf8 25. Qc2 Qe7 26. Nf5 Qg5 27. Qd3 Bxf5 28.
Qxf5 Qxf5 29. Rxf5 Bxg3 30. Bxa6 Re4 31. b3 Nd7 32. Bc8 Ne5 33. Rf1 Ng6 34. Bf5
Re7 35. Bxg4 Ne5 36. Bf5 Kg7 37. b4 cxb4 38. cxb4 Nc4 39. Bd3 Ne5 40. Bf5 h5
41. a5 bxa5 42. bxa5 Ra7 43. Ra2 Bh4 44. a6 Bd8 45. Rb1 Nc4 46. Rb7 Bb6 47. Kh1
Bxe3 48. Rxa7 Bxa7 49. Rc2 Ne3 50. Rc7 Bd4 51. Be6 1-0

[Event "BL 1415 USV TU Dresden - SSC Rostock"]
[Site "?"]
[Date "2015.02.01"]
[Round "9.5"]
[White "Gruenberg, Hans-Ulrich"]
[Black "Tischbierek, Raj"]
[Result "1/2-1/2"]
[WhiteElo "2375"]
[BlackElo "2419"]
[PlyCount "50"]
[EventDate "2015.??.??"]

1. d4 d5 2. c4 c6 3. cxd5 cxd5 4. Bf4 Nc6 5. Nc3 e5 6. Bxe5 Nxe5 7. dxe5 d4 8.
Ne4 Qa5+ 9. Nd2 Nh6 10. Ngf3 Nf5 11. a3 Be6 12. g3 Rd8 13. b4 Qb6 14. Bh3 Be7
15. Qa4+ Bd7 16. Qa5 Qxa5 17. bxa5 Be6 18. Bxf5 Bxf5 19. O-O f6 20. Rfc1 Rd5
21. Nc4 O-O 22. Nh4 Be6 23. Nf3 Rc8 24. exf6 Bxf6 25. Ncd2 Rxc1+ 1/2-1/2